Health care in central Asia / (Record no. 246)

000 -LEADER
fixed length control field 01931cam a22004814a 4500
001 - CONTROL NUMBER
control field 12426079
003 - CONTROL NUMBER IDENTIFIER
control field OSt
005 - DATE AND TIME OF LATEST TRANSACTION
control field 20210419055149.0
008 - FIXED-LENGTH DATA ELEMENTS--GENERAL INFORMATION
fixed length control field 010529s2002 enkab b 001 0 eng
010 ## - LIBRARY OF CONGRESS CONTROL NUMBER
LC control number 2001036105
020 ## - INTERNATIONAL STANDARD BOOK NUMBER
International Standard Book Number 0335209262 (pb)
020 ## - INTERNATIONAL STANDARD BOOK NUMBER
International Standard Book Number 0335209270 (hb)
040 ## - CATALOGING SOURCE
Original cataloging agency eng
Transcribing agency DLC
Modifying agency DLC
041 ## - LANGUAGE CODE
Language code of text/sound track or separate title eng
042 ## - AUTHENTICATION CODE
Authentication code pcc
043 ## - GEOGRAPHIC AREA CODE
Geographic area code ac-----
050 00 - LIBRARY OF CONGRESS CALL NUMBER
Classification number RA395.A783
Item number H43 2002
080 ## - UNIVERSAL DECIMAL CLASSIFICATION NUMBER
Universal Decimal Classification number 614
Item number M-44
082 00 - DEWEY DECIMAL CLASSIFICATION NUMBER
Classification number 362.1/0958
Edition number 21
100 ## - MAIN ENTRY--PERSONAL NAME
9 (RLIN) 334
Personal name McKee, Marin
Relator term Editor
245 00 - TITLE STATEMENT
Title Health care in central Asia /
Statement of responsibility, etc. edited by Martin McKee, Judith Healy, and Jane Falkingham.
260 ## - PUBLICATION, DISTRIBUTION, ETC.
Place of publication, distribution, etc. Buckingham ;
-- Phildelphia :
Name of publisher, distributor, etc. Open University,
Date of publication, distribution, etc. 2002.
300 ## - PHYSICAL DESCRIPTION
Extent xvi, 222 p. :
Other physical details ill., maps ;
Dimensions 24 cm.
440 #0 - SERIES STATEMENT/ADDED ENTRY--TITLE
Title European Observatory on Health Care Systems series
504 ## - BIBLIOGRAPHY, ETC. NOTE
Bibliography, etc. note Includes bibliographical references and index.
650 #0 - SUBJECT ADDED ENTRY--TOPICAL TERM
Topical term or geographic name entry element Medical care
Geographic subdivision Asia, Central.
650 #0 - SUBJECT ADDED ENTRY--TOPICAL TERM
Topical term or geographic name entry element Medical policy
Geographic subdivision Asia, Central.
650 #0 - SUBJECT ADDED ENTRY--TOPICAL TERM
Topical term or geographic name entry element Health care reform
Geographic subdivision Asia, Central.
650 #0 - SUBJECT ADDED ENTRY--TOPICAL TERM
Topical term or geographic name entry element Medicine
Geographic subdivision Asia, Central.
653 ## - INDEX TERM--UNCONTROLLED
Uncontrolled term მედიცინა
653 ## - INDEX TERM--UNCONTROLLED
Uncontrolled term ჯანდაცვის პოლიტიკა
653 ## - INDEX TERM--UNCONTROLLED
Uncontrolled term ჯანდაცვის რეფორმა
653 ## - INDEX TERM--UNCONTROLLED
Uncontrolled term ცენტრალური აზია
700 1# - ADDED ENTRY--PERSONAL NAME
Personal name McKee, Martin.
Relator term Editor
700 1# - ADDED ENTRY--PERSONAL NAME
Personal name Healy, Judith.
Relator term Editor
700 1# - ADDED ENTRY--PERSONAL NAME
Personal name Falkingham, Jane.
Relator term Editor
856 42 - ELECTRONIC LOCATION AND ACCESS
Materials specified Publisher description
Uniform Resource Identifier <a href="http://www.loc.gov/catdir/description/mh051/2001036105.html">http://www.loc.gov/catdir/description/mh051/2001036105.html</a>
856 42 - ELECTRONIC LOCATION AND ACCESS
Materials specified Contributor biographical information
Uniform Resource Identifier <a href="http://www.loc.gov/catdir/bios/mh051/2001036105.html">http://www.loc.gov/catdir/bios/mh051/2001036105.html</a>
856 41 - ELECTRONIC LOCATION AND ACCESS
Materials specified Table of contents
Uniform Resource Identifier <a href="http://www.loc.gov/catdir/toc/mh051/2001036105.html">http://www.loc.gov/catdir/toc/mh051/2001036105.html</a>
906 ## - LOCAL DATA ELEMENT F, LDF (RLIN)
a 7
b cbc
c orignew
d 1
e ocip
f 20
g y-gencatlg
942 ## - ADDED ENTRY ELEMENTS (KOHA)
Source of classification or shelving scheme
Koha item type Books
Holdings
Withdrawn status Lost status Source of classification or shelving scheme Damaged status Not for loan Permanent location Current location Date acquired Inventory number Full call number Barcode Date last seen Price effective from Koha item type
          Ken Walker International University Ken Walker International University 11/13/2020 251 614 M-44 251 11/13/2020 11/13/2020 Books

Powered by Koha